Klicke auf keine deutsche Stadt (Sudden Death Reverse) - Statistiken

Allgemein
  • Dieses Quiz wurde 209 mal gespielt
  • Das Durchschnittsergebnis liegt bei 13 aus 21
Answers on the Grid
Answers color-coded by a green-red scale on the quiz's grid according to % correct below.
Tilburg
Bromberg
Lucknow
Blumenau
Hasselt
Viersen
Offenbach
Kreuzburg
Posen
Lund
Kolding
Olmütz
Metz
Schaffhausen
St. Pölten
Lüttich
Groningen
Lansing
Johannesburg
Lüderitz
Straßburg
Basel
Wels
Karlsruhe
Stralsund
Kempten
Gelsenkirchen
Siegen
Bremerhaven
Fürth
Landshut
Gera
Halle
Plauen
Brandenburg
Kiel
Duisburg
Fulda
Kaiserslautern
Braunschweig
Wolfenbüttel
Waiblingen
 
Antwortstatistiken
Antwort % Korrekt
Basel
78%
Metz
77%
Straßburg
76%
Johannesburg
73%
Posen
71%
Tilburg
70%
Groningen
69%
Lüttich
69%
St. Pölten
68%
Lund
66%
Lucknow
61%
Wels
61%
Olmütz
60%
Kolding
58%
Lansing
58%
Bromberg
53%
Lüderitz
53%
Hasselt
51%
Schaffhausen
51%
Blumenau
49%
Kreuzburg
46%
Keine übereinstimmenden Quizze gefunden
Verteilung der Resultate
Anzahl Personen mit jedem Resultat
Perzentil nach korrekt beantworteten Fragen
Ihre Resultats-Entwicklung
Sie haben dieses Quiz noch nicht gespielt